000 00772nam a22002417a 4500
999 _c14530
_d14530
003 AR-CdUCM
008 190423b ||||| |||| 00| 0 spa d
020 _a978-84-9825-970-4
040 _aMUNICIPALIDAD PROVINCIAL DEL CUSCO
_cBIBLIOTECA MUNICIPAL DEL CUSCO
082 _aPI / 376.1 /
_bB44
100 _aBenegas, Mar
_933338
245 _a¿Le pondremos un bigote? /
260 _aBarcelona :
_bCombel,
_c2015.
300 _bilustraciones,
_c15.5 cm.
440 _aColección La Cereza.
_933339
650 _aAprendizaje infantil
_933271
650 _aLiteratura infantil
_9588
650 _aCanción infantil
_933340
700 _aNavarro, Sandra (ilustraciones)
_933341
710 _aCombel Editorial
_933005
942 _2ddc
_cLIBROS
945 _aachl
_d2019-04-23